Statistics for Somebody once told me

Click here to take the quiz!

General Stats

  • This quiz has been taken 6 times
  • The average score is 7 of 15

Answer Stats

Hint Answer % Correct
NoYes
100%
YesNo
100%
DeathDie
100%
MemeDoge
83%
DieDeath
67%
HahaLife
67%
AllstarSmashmouth
67%
SmashmouthAllstar
67%
LifeHaha
50%
DogeMemes
17%
No more hints.Answers
0%
Possisbly
0%
Pen
0%
Pencil
0%
Red
0%

Score Distribution

Percentile by Number Answered

Percent of People with Each Score

Your Score History

You have not taken this quiz